Missing Word: Five Letter Literature A-Z Quiz Stats

Quiz Updated Oct 9, 2014

Challenge
Share
Tweet
Embed
Score 0/26 Timer 03:00
1 Play Today
Hint Answer % Correct
____ and Punishment by Fyodor DostoyevskyCrime
96.7%
____ and Prejudice by Jane AustenPride
96.4%
Lord of the ____ by William GoldingFlies
94.9%
The Grapes of ____ by John SteinbeckWrath
94.4%
The Canterbury ____ by Geoffrey ChaucerTales
94%
The Sun Also ____ by Ernest HemingwayRises
93%
All ____ on the Western Front by Erich Maria RemarqueQuiet
92.5%
One Hundred ____ of Solitude by Gabriel García MárquezYears
91.5%
The ____ Boleyn Girl by Philippa GregoryOther
86%
A Passage to ____ by E.M. ForsterIndia
82.4%
Things Fall ____ by Chinua AchebeApart
74.9%
____ the Greek by Nikos KazantzakisZorba
68%
The Fall of the House of ____ by Edgar Allan PoeUsher
67.3%
Hint Answer % Correct
____ Frome by Edith WhartonEthan
61.8%
____ Lunch by William S. BurroughsNaked
44.6%
Uncle ____ by Anton ChekhovVanya
38.4%
The ____ Stain by Philip RothHuman
31.2%
Sonnet ____ (Shall I compare thee to a summer’s day?)XVIII
24.1%
The Jew of ____ by Christopher MarloweMalta
22.3%
____ Have I Loved by Katherine PatersonJacob
18.7%
____ Jim by Kingsley AmisLucky
17.7%
____ Wedding by Federico García LorcaBlood
14.4%
The Tale of ____ by Murasaki ShikibuGenji
11.6%
____ on the Shore by Haruki MurakamiKafka
9.4%
Nectar in a ____ by Kamala MarkandayaSieve
7%
____ of the Red Chamber by Cao XueqinDream
6.6%

Today's Daily Dose

Missing Word
Jazz Songs 'C'

On This Day
January 18th

You're not logged in!

Compare scores with friends on all Sporcle quizzes.
Sign Up with Email
OR
Log In

You Might Also Like...

Show Comments

Extras

Top Quizzes Today


Score Distribution

Your Account Isn't Verified!

In order to create a playlist on Sporcle, you need to verify the email address you used during registration. Go to your Sporcle Settings to finish the process.